Statistics for Flags of Former Countries

Click here to take the quiz!

General Stats

  • This quiz has been taken 83 times
  • The average score is 12 of 16

Answer Stats

Answer% Correct
Austria-Hungary
99%
USSR
99%
East Germany
97%
Texas
96%
Yugoslavia
91%
Kingdom of Italy
90%
Ottoman Empire
79%
Empire of Brazil
76%
Prussia
76%
Roman Empire
76%
Qing Dynasty
64%
Zaire
61%
Mongolian Empire
60%
Republic of China
60%
Zanzibar
46%
Kievan Rus
36%

Score Distribution

Percentile by Number Answered

Percent of People with Each Score

Your Score History

You have not taken this quiz